Countries with Blue Passports - Statistics

General Stats
  • This quiz has been taken 103 times
    86 since last reset
  • The average score is 35 of 76
Answer Stats
Answer % Correct
United States of America
92%
Argentina
77%
Brazil
77%
Canada
77%
Australia
73%
Iceland
69%
Nicaragua
69%
Panama
69%
El Salvador
65%
Honduras
65%
India
65%
Venezuela
65%
Bahamas
62%
Belize
62%
Ukraine
62%
Costa Rica
58%
Cuba
58%
Iraq
58%
Israel
58%
Kuwait
58%
Paraguay
58%
Uruguay
58%
Armenia
54%
Democratic Republic of Congo
54%
Guatemala
54%
Haiti
54%
Jamaica
54%
Kazakhstan
54%
Laos
54%
United Arab Emirates
54%
Antigua and Barbuda
50%
Barbados
50%
Dominica
50%
Guyana
50%
Suriname
50%
Yemen
50%
Fiji
46%
Grenada
46%
Libya
46%
Samoa
46%
Belarus
42%
Bosnia and Herzegovina
42%
Kiribati
42%
Lebanon
42%
Micronesia
42%
North Korea
42%
Syria
42%
Bhutan
38%
Croatia
38%
Jordan
38%
Kenya
38%
Marshall Islands
38%
Nauru
38%
Tuvalu
38%
Botswana
35%
Kyrgyzstan
35%
Sudan
35%
Djibouti
31%
Maldives
31%
Mauritius
31%
Palau
31%
Somalia
31%
Tonga
31%
South Sudan
27%
Uganda
27%
Benin
23%
Eritrea
23%
Mozambique
23%
Rwanda
23%
Swaziland
23%
Liechtenstein
19%
Cape Verde
15%
Saint Lucia
15%
Saint Vincent and the Grenadines
15%
Saint Kitts and Nevis
12%
San Marino
12%
No matching quizzes found
Score Distribution
Percent of People with Each Score
Percentile by Number Answered
Your Score History
You have not taken this quiz since the last reset